000 00621nam a2200241Ia 4500
003 OSt
005 20220918223549.0
006 a|||||r|||| 00| 0
007 ta
008 220917b |||||||| |||| 00| 0 eng d
024 _a223,687
037 _cTextual
040 _aARTS
_cARTS
_beng
041 _2eng
_aeng
082 _aO111,3M40:g, 153K8
245 0 _ajkovh s/ T{;d/ NZ; pko/
260 _agfNnkbk,
_bwdkB gpbhFo}
_c1968
300 _a88gz
_ccm.
650 _anzrq/ih ;kfjs
700 _a'},
_9146037
942 _hO111,3M40:g, 153K8
_cTEXL
_2CC
999 _c278815
_d278815